000 01889nam a22002297a 4500
005 20260305162124.0
008 260220b |||||||| |||| 00| 0 eng d
020 _a9789390395576
040 _cAIMIT LIBRARY
082 _21st
_a332.0240658
_bRAIS
100 _aRai, Shailendra Kumar.
_9256079
245 _aFinance for managers and entrepreneurs /
_cBy Shailendra Kumar Rai.
250 _a1st ed.
260 _aNew Delhi :
_bWiley India Pvt Ltd ,
_c2020.
300 _axxviii,262p.;
_bPB
_c23.5 cm.
500 _aFinance for Managers and Entrepreneurs is intended to be used as a basic text of Finance. This book is developed to personally involve the reader in the fundamental decisions as a manager and an entrepreneur. All the way through the book, the application of Finance concepts with Excel is demonstrated and explained. Through its analytical and stimulating approach, this book is easy to understand, user-friendly, and comprehensive and can be used as a ready reckoner. This book provides descriptions of Financial Accounting, Costing, and Finance that everyone in this era would find useful to know.
504 _aPART I Chapter 1 Financial Statements Chapter 2 Analysis of Financial Statements Chapter 3 Cost and Management Accounting PART II Chapter 4 Business Finance Chapter 5 Time Value of Money Chapter 6 Capital Budgeting Chapter 7 Estimation of Cash Flows Chapter 8 Risk in Capital Budgeting Decisions Chapter 9 Cost of Capital Chapter 10 Capital Structure Chapter 11 Working Capital Management Chapter 12 Internal Financing and Dividend Policy PART III PART III Chapter 13 Personal Financial Planning Chapter 14 Digital Finance
650 _aFinancial statements
_9256080
650 _aAnalysis of financial statements
_9256081
650 _aCapital budgeting
_9256082
942 _2ddc
_cBK
_k332.0240658 RAIS
999 _c240930
_d240930